Get the Picture: MCU Captain America Quiz Stats

 Plays Quiz not verified by Sporcle

Score 0/9 Timer 02:00
4 Plays Today
Question Answer Wrong Answers
Johann Schmidt
Red Skull
The First Avenger
95.3%
The Winter Soldier
1.6%
Civil War
1.2%
T'Challa
Black Panther
Civil War
93.2%
The First Avenger
1.7%
The Winter Soldier
3.3%
Dr. Abraham Erskine

The First Avenger
89.6%
The Winter Soldier
6.9%
Civil War
1.6%
Alexander Pierce

The Winter Soldier
86.2%
The First Avenger
6.2%
Civil War
5.9%
James Rhodes
War Machine
Civil War
84.8%
The First Avenger
4.2%
The Winter Soldier
10%
Deputy Director Maria Hill

The Winter Soldier
82.4%
The First Avenger
10%
Civil War
5.6%
Colonel Chester Phillips

The First Avenger
80.9%
The Winter Soldier
12.2%
Civil War
4.8%
Georges Batroc

The Winter Soldier
74.6%
The First Avenger
17%
Civil War
6.1%
Colonel Helmut Zemo

Civil War
73.1%
The First Avenger
16.8%
The Winter Soldier
8.5%

You're not logged in!

Compare scores with friends on all Sporcle quizzes.
OR
Log In

You Might Also Like...

Show Comments

Extras

Top Quizzes Today


Score Distribution

Your Account Isn't Verified!

In order to create a playlist on Sporcle, you need to verify the email address you used during registration. Go to your Sporcle Settings to finish the process.

Report this User

Report this user for behavior that violates our Community Guidelines.

Details: